000 00321nam a22001337a 4500
082 _a158
_bAPJ/F
100 _a PJ ABDUL KALAM
245 _aFORGE YOUR FUTRE
246 _aFORGE YOUR FUTRE
_bFORGE YOUR FUTRE
260 _aNEW DELHI
_bRAJPAL
_c2014
300 _a223
650 _aINSPIRATION& PERSONAL GROWTH
942 _cBK
999 _c9094
_d9094